000
00248nam a22000977a 4500
082
_a
624.065
_b
CAL
100
_a
M.T. Callahan
245
_a
Construction Project Scheduling
942
_2
ddc
_c
BK
999
_c
586345
_d
586345